[Event "SV Ibbenbüren 1 - SC Falke Saerbeck 1"]
[Site "Verbandsklasse 2018/2019"]
[Date "2019.05.18"]
[Round "9.1"]
[White "Vos, Thomas"]
[Black "Kellmann, Dominik"]
[Result "1-0"]
[WhiteElo "2044"]
[BlackElo "1777"]
[PlyCount "39"]
[EventDate "2019.??.??"]
[SourceDate "2019.06.08"]

1. Nf3 Nf6 2. c4 b6 3. e3 Bb7 4. b3 g6 5. Bb2 Bg7 6. Qc2 c5 7. Nc3 Nc6 8. a3
O-O 9. Nd5 e6 10. Nxf6+ Bxf6 11. h4 d5 12. h5 d4 13. O-O-O e5 14. Bd3 Na5 15.
hxg6 hxg6 16. Bxg6 Nxb3+ 17. Kb1 fxg6 18. Qxg6+ Bg7 19. Ng5 Rf6 20. Rh8+ 1-0

[Event "SV Ibbenbüren 1 - SC Falke Saerbeck 1"]
[Site "Verbandsklasse 2018/2019"]
[Date "2019.05.18"]
[Round "9.2"]
[White "Wolf, Sergej"]
[Black "Hegemann, Eike"]
[Result "0-1"]
[WhiteElo "1734"]
[BlackElo "1958"]
[PlyCount "40"]
[EventDate "2019.??.??"]
[SourceDate "2019.06.08"]

1. d4 d5 2. Nf3 Nf6 3. Bg5 e6 4. e3 Be7 5. c3 O-O 6. Bd3 c5 7. Nbd2 b6 8. Rc1
Bb7 9. Ne5 Ne4 10. Bxe7 Qxe7 11. O-O f6 12. Nef3 Nd7 13. c4 f5 14. Ne5 Nxe5 15.
dxe5 Rad8 16. Bxe4 fxe4 17. Qg4 Rf5 18. cxd5 Bxd5 19. Nxe4 h5 20. Nf6+ Qxf6 0-1

[Event "SV Ibbenbüren 1 - SC Falke Saerbeck 1"]
[Site "Verbandsklasse 2018/2019"]
[Date "2019.05.18"]
[Round "9.3"]
[White "Fischer, Andreas"]
[Black "Werremeyer, Achim"]
[Result "1/2-1/2"]
[WhiteElo "1917"]
[BlackElo "1702"]
[PlyCount "38"]
[EventDate "2019.??.??"]
[SourceDate "2019.06.08"]

1. e4 c6 2. Nc3 d5 3. Nf3 Bg4 4. Be2 e6 5. O-O Nd7 6. d3 Bd6 7. Nd4 Bxe2 8.
Qxe2 Ne7 9. f4 O-O 10. Kh1 a6 11. e5 Bc5 12. Nb3 Ba7 13. Be3 c5 14. Bg1 b5 15.
Nd2 Rc8 16. Nf3 b4 17. Nd1 Nf5 18. Ne3 Nxe3 19. Bxe3 Qe7 1/2-1/2

[Event "SV Ibbenbüren 1 - SC Falke Saerbeck 1"]
[Site "Verbandsklasse 2018/2019"]
[Date "2019.05.18"]
[Round "9.4"]
[White "Jonas, Robert"]
[Black "Kipp, Lucas"]
[Result "1/2-1/2"]
[WhiteElo "1672"]
[BlackElo "1908"]
[PlyCount "29"]
[EventDate "2019.??.??"]
[SourceDate "2019.06.08"]

1. e4 e6 2. d4 d5 3. exd5 exd5 4. Nf3 Bd6 5. Bg5 f6 6. Be3 Ne7 7. Nc3 c6 8. Qd2
Qc7 9. Bd3 Bf5 10. O-O-O Nd7 11. Kb1 O-O-O 12. h3 Nb6 13. Bxf5+ Nxf5 14. Qd3
Qd7 15. Bc1 1/2-1/2

[Event "SV Ibbenbüren 1 - SC Falke Saerbeck 1"]
[Site "Verbandsklasse 2018/2019"]
[Date "2019.05.18"]
[Round "9.5"]
[White "Hoge, Reinhard"]
[Black "Sivakumaran, Methunraj"]
[Result "0-1"]
[WhiteElo "1909"]
[BlackElo "1551"]
[PlyCount "50"]
[EventDate "2019.??.??"]
[SourceDate "2019.06.08"]

1. c4 e5 2. g3 Nf6 3. Bg2 d5 4. cxd5 Nxd5 5. Nc3 Be6 6. Nf3 Nc6 7. O-O Bc5 8.
d3 O-O 9. Ng5 Nxc3 10. bxc3 Bd7 11. Bb2 Qxg5 12. d4 exd4 13. cxd4 Bb6 14. Kh1
Rad8 15. f4 Qh5 16. Qd2 Bh3 17. Bxh3 Qxh3 18. d5 Ne7 19. e4 f5 20. Ba3 Rfe8 21.
Bxe7 Rxe7 22. e5 Red7 23. d6 cxd6 24. Qd5+ Kh8 25. e6 Re7 0-1

[Event "SV Ibbenbüren 1 - SC Falke Saerbeck 1"]
[Site "Verbandsklasse 2018/2019"]
[Date "2019.05.18"]
[Round "9.6"]
[White "Huil, Herbert"]
[Black "Bartsch, Jan"]
[Result "1/2-1/2"]
[WhiteElo "1300"]
[BlackElo "1736"]
[PlyCount "24"]
[EventDate "2019.??.??"]
[SourceDate "2019.06.08"]

1. e4 d5 2. exd5 Qxd5 3. Nf3 Nf6 4. d3 Bg4 5. Be2 e6 6. O-O c6 7. b3 Bd6 8. Bb2
Nbd7 9. Nbd2 Bc7 10. Rc1 O-O 11. c4 Qh5 12. h3 Bxh3 1/2-1/2

[Event "SV Ibbenbüren 1 - SC Falke Saerbeck 1"]
[Site "Verbandsklasse 2018/2019"]
[Date "2019.05.18"]
[Round "9.7"]
[White "Bartsch, Rainer"]
[Black "Becker, Heiner"]
[Result "1/2-1/2"]
[WhiteElo "1733"]
[BlackElo "1522"]
[PlyCount "32"]
[EventDate "2019.??.??"]
[SourceDate "2019.06.08"]

1. d4 d5 2. Nf3 Nf6 3. e3 g6 4. Bd3 Bg7 5. Nbd2 Nbd7 6. O-O c5 7. b3 O-O 8. c4
b6 9. Bb2 Bb7 10. Qe2 e6 11. Rad1 Qc7 12. Ne5 Nxe5 13. dxe5 Nd7 14. f4 f5 15.
cxd5 exd5 16. Nf3 Rfe8 1/2-1/2

[Event "SV Ibbenbüren 1 - SC Falke Saerbeck 1"]
[Site "Verbandsklasse 2018/2019"]
[Date "2019.05.18"]
[Round "9.8"]
[White "Barkia, Sofyen"]
[Black "Rogowski, Friedrich"]
[Result "1/2-1/2"]
[WhiteElo "1341"]
[BlackElo "1683"]
[PlyCount "44"]
[EventDate "2019.??.??"]
[SourceDate "2019.06.08"]

1. d4 Nf6 2. c4 g6 3. Nc3 Bg7 4. Nf3 d6 5. Bg5 h6 6. Bh4 O-O 7. h3 Nbd7 8. e3
c5 9. d5 Re8 10. Be2 Nf8 11. O-O g5 12. Bg3 Bf5 13. h4 g4 14. Nd2 h5 15. f3
gxf3 16. Bxf3 Bg4 17. Nde4 N8h7 18. Bxg4 Nxg4 19. Qf3 Rf8 20. Nf2 Qd7 21. Rab1
e5 22. Nce4 f5 1/2-1/2

[Event "SK Königsspringer Nordwalde 1 - SC Klei"]
[Site "Verbandsklasse 2018/2019"]
[Date "2019.05.18"]
[Round "9.2"]
[White "Lerke, Bernd"]
[Black "Van Dijk, Guido"]
[Result "1/2-1/2"]
[WhiteElo "1856"]
[BlackElo "1789"]
[PlyCount "61"]
[EventDate "2019.??.??"]
[SourceDate "2019.06.08"]

1. Nf3 d5 2. c4 c6 3. e3 Nf6 4. b3 g6 5. Bb2 Bg7 6. d3 O-O 7. Nbd2 Re8 8. Be2
Nbd7 9. Ne5 Nxe5 10. Bxe5 Nd7 11. Bxg7 Kxg7 12. cxd5 cxd5 13. d4 Nf6 14. O-O
Bd7 15. b4 Qb6 16. Rb1 Bf5 17. Rb2 Rac8 18. g4 Bd7 19. a4 Qe6 20. g5 Ne4 21.
Nxe4 Qxe4 22. Bd3 Qg4+ 23. Qxg4 Bxg4 24. f3 Bh3 25. Rd1 Rc3 26. Kf2 Rec8 27.
Rdd2 Bd7 28. a5 Ra3 29. e4 Rcc3 30. Be2 e6 31. e5 1/2-1/2

[Event "SK Königsspringer Nordwalde 1 - SC Klei"]
[Site "Verbandsklasse 2018/2019"]
[Date "2019.05.18"]
[Round "9.3"]
[White "Brinkmann, Franz Josef"]
[Black "Kasubke, Manfred"]
[Result "0-1"]
[WhiteElo "1754"]
[BlackElo "1846"]
[PlyCount "58"]
[EventDate "2019.??.??"]
[SourceDate "2019.06.08"]

1. e4 Nf6 2. Nc3 d5 3. exd5 Nxd5 4. Nxd5 Qxd5 5. d4 Nc6 6. c3 Bf5 7. Qf3 Be4 8.
Qg3 O-O-O 9. f3 Bc2 10. Bf4 e5 11. Qf2 exf4 12. Qxc2 Nxd4 13. cxd4 Bb4+ 14. Kd1
Qxd4+ 15. Kc1 Qe3+ 16. Kb1 Qe1+ 17. Qc1 Rd1 18. Kc2 Rxc1+ 19. Rxc1 Qf2+ 20. Kb1
Rd8 21. Nh3 Qe3 22. Ng5 f6 23. Ne4 f5 24. Nc3 Bxc3 25. Rxc3 Rd1+ 26. Kc2 Qd2+
27. Kb3 a5 28. a4 Rc1 29. g3 Qd1+ 0-1

[Event "SK Königsspringer Nordwalde 1 - SC Klei"]
[Site "Verbandsklasse 2018/2019"]
[Date "2019.05.18"]
[Round "9.4"]
[White "Mense, Jens Uwe"]
[Black "Miethe, Christoph"]
[Result "1/2-1/2"]
[WhiteElo "1822"]
[BlackElo "1753"]
[PlyCount "21"]
[EventDate "2019.??.??"]
[SourceDate "2019.06.08"]

1. d4 d5 2. Nc3 e6 3. e4 dxe4 4. Nxe4 Nf6 5. Bg5 Be7 6. Bxf6 Bxf6 7. c3 Nc6 8.
Qf3 Be7 9. O-O-O Qd5 10. c4 Qf5 11. Qxf5 1/2-1/2

[Event "SK Königsspringer Nordwalde 1 - SC Klei"]
[Site "Verbandsklasse 2018/2019"]
[Date "2019.05.18"]
[Round "9.5"]
[White "Horstmann, Michael"]
[Black "Holstegge, Ludger"]
[Result "1/2-1/2"]
[WhiteElo "1678"]
[BlackElo "1761"]
[PlyCount "51"]
[EventDate "2019.??.??"]
[SourceDate "2019.06.08"]

1. c4 c5 2. Nc3 g6 3. g3 Bg7 4. Bg2 Nc6 5. Nf3 Nf6 6. d4 cxd4 7. Nxd4 O-O 8.
O-O Nxd4 9. Qxd4 d6 10. Qd2 Rb8 11. b3 Bd7 12. Bb2 Bc6 13. Nd5 Bxd5 14. cxd5
Qd7 15. Rac1 Rfc8 16. Rxc8+ Rxc8 17. Rc1 Rc7 18. Rxc7 Qxc7 19. Qc1 Qxc1+ 20.
Bxc1 Nd7 21. Be3 b6 22. Bg5 Kf8 23. e4 Bd4 24. Kf1 Ne5 25. f3 Nd3 26. Bd2
1/2-1/2

[Event "SK Königsspringer Nordwalde 1 - SC Klei"]
[Site "Verbandsklasse 2018/2019"]
[Date "2019.05.18"]
[Round "9.6"]
[White "Hols, Bernhard"]
[Black "Pohlmeier, Ulrich"]
[Result "1-0"]
[WhiteElo "1768"]
[BlackElo "1584"]
[PlyCount "63"]
[EventDate "2019.??.??"]
[SourceDate "2019.06.08"]

1. c4 Nf6 2. Nc3 e6 3. d4 d5 4. Nf3 Be7 5. Bg5 O-O 6. e3 Nbd7 7. a3 dxc4 8.
Bxc4 c6 9. e4 h6 10. Be3 Qc7 11. h3 e5 12. dxe5 Nxe5 13. Nxe5 Qxe5 14. f4 Qa5
15. b4 Qc7 16. O-O b6 17. Qe2 Bb7 18. Rfd1 c5 19. e5 Ne4 20. Nxe4 Bxe4 21. e6
Bf6 22. Rd7 Qc6 23. b5 Qc8 24. exf7+ Kh8 25. Rad1 Bf5 26. R7d6 Qc7 27. Qh5 Bd4
28. Bxd4 cxd4 29. R1xd4 Bc2 30. Rxh6+ gxh6 31. Qxh6+ Bh7 32. Qf6# 1-0

[Event "SK Königsspringer Nordwalde 1 - SC Klei"]
[Site "Verbandsklasse 2018/2019"]
[Date "2019.05.18"]
[Round "9.7"]
[White "Engfer, Klaus"]
[Black "Keller, Hansjuergen"]
[Result "1/2-1/2"]
[WhiteElo "1581"]
[BlackElo "1653"]
[PlyCount "48"]
[EventDate "2019.??.??"]
[SourceDate "2019.06.08"]

1. e4 c5 2. Nf3 Nc6 3. d4 cxd4 4. Nxd4 g6 5. Nxc6 bxc6 6. Nc3 Bg7 7. Bd2 d6 8.
Bc4 Nf6 9. O-O O-O 10. Rb1 d5 11. exd5 cxd5 12. Bb3 e6 13. Be3 a5 14. Ba4 Bd7
15. Bxd7 Qxd7 16. Bd4 Rfc8 17. Qd3 Qc6 18. f3 Nh5 19. Bxg7 Nxg7 20. Rfc1 Nf5
21. Qb5 Nd4 22. Qd3 Qc4 23. Kf2 Qxd3 24. cxd3 Nc6 1/2-1/2

[Event "SC Gronau 2 - Schach Nienberge 2"]
[Site "Verbandsklasse 2018/2019"]
[Date "2019.05.18"]
[Round "9.1"]
[White "Da Costa Campos, Andre"]
[Black "Kloenne, Tim"]
[Result "1/2-1/2"]
[WhiteElo "1930"]
[BlackElo "1796"]
[PlyCount "64"]
[EventDate "2019.??.??"]
[SourceDate "2019.06.08"]

1. e4 c6 2. d4 d5 3. exd5 cxd5 4. c4 Nf6 5. Nc3 e6 6. Nf3 Be7 7. Bf4 a6 8. cxd5
Nxd5 9. Bxb8 Rxb8 10. Bc4 Nxc3 11. bxc3 b5 12. Bd3 O-O 13. O-O Bb7 14. Qe2 Bd5
15. a4 Bxf3 16. Qxf3 Qd7 17. axb5 axb5 18. Rfd1 g6 19. Be4 Qc7 20. Ra6 Rb6 21.
Rxb6 Qxb6 22. Bc6 Rc8 23. d5 exd5 24. Bxd5 Qf6 25. Qd3 Rxc3 26. Qxb5 Rc2 27.
Rf1 Bc5 28. Bf3 Qd4 29. Qe8+ Kg7 30. Qe1 Qb2 31. Bd1 Rd2 32. h3 Qd4 1/2-1/2

[Event "SC Gronau 2 - Schach Nienberge 2"]
[Site "Verbandsklasse 2018/2019"]
[Date "2019.05.18"]
[Round "9.3"]
[White "Schipke, Thorsten"]
[Black "Binger, Friedhelm"]
[Result "1-0"]
[WhiteElo "1860"]
[BlackElo "1716"]
[PlyCount "63"]
[EventDate "2019.??.??"]
[SourceDate "2019.06.08"]

1. e4 e5 2. f4 Bc5 3. Nc3 d6 4. Nf3 Nc6 5. Na4 Bb6 6. Nxb6 axb6 7. Bc4 Nf6 8.
d3 O-O 9. O-O Na5 10. Qe2 Nxc4 11. dxc4 Bg4 12. f5 h6 13. h3 Bxf3 14. Rxf3 Nh7
15. a3 Qe7 16. Be3 f6 17. g4 Ng5 18. Bxg5 fxg5 19. Raf1 Rf6 20. Qd3 Ra7 21. Kg2
Qf7 22. Rh1 Kf8 23. h4 gxh4 24. Rxh4 Ke7 25. Rg3 Ra8 26. g5 hxg5 27. Rxg5 Rh6
28. Qg3 Rxh4 29. Qxh4 Kd7 30. Qh7 Rg8 31. b3 Kc6 32. Rg6 1-0

[Event "SC Gronau 2 - Schach Nienberge 2"]
[Site "Verbandsklasse 2018/2019"]
[Date "2019.05.18"]
[Round "9.4"]
[White "Tsoukkerman, Boris Z"]
[Black "Schaefer, Guenter"]
[Result "1-0"]
[WhiteElo "1892"]
[BlackElo "1855"]
[PlyCount "75"]
[EventDate "2019.??.??"]
[SourceDate "2019.06.08"]

1. Nf3 g6 2. d4 c6 3. c4 Bg7 4. Nc3 d6 5. h3 Qc7 6. Bf4 Nf6 7. e3 O-O 8. Be2
Qb6 9. Qd2 a5 10. O-O Re8 11. Rac1 Nbd7 12. Bh2 a4 13. Bd1 a3 14. b3 Qa5 15.
Rb1 Qb4 16. Be2 Nf8 17. Rbc1 Qa5 18. Na4 Qxd2 19. Nxd2 N6d7 20. Rfd1 c5 21. Nf3
Ne6 22. Nc3 Nc7 23. dxc5 Bxc3 24. Rxc3 Nxc5 25. b4 Ne4 26. Rb3 Be6 27. Nd4 Bd7
28. Bf3 Ba4 29. Bxe4 Bxb3 30. Nxb3 Ra4 31. c5 Rxb4 32. Bf3 Nb5 33. cxd6 Nc3 34.
d7 Rd8 35. Bc7 Rxd7 36. Rxd7 Rxb3 37. axb3 a2 38. Rd8+ 1-0

[Event "SC Gronau 2 - Schach Nienberge 2"]
[Site "Verbandsklasse 2018/2019"]
[Date "2019.05.18"]
[Round "9.6"]
[White "Schoewer Lingemann, Thorsten"]
[Black "Schulte Austum, Frank"]
[Result "1/2-1/2"]
[WhiteElo "1757"]
[BlackElo "1738"]
[PlyCount "118"]
[EventDate "2019.??.??"]
[SourceDate "2019.06.08"]

1. Nf3 d5 2. c4 e6 3. d4 c6 4. Nc3 f5 5. e3 Nf6 6. Be2 Bd6 7. O-O O-O 8. Qb3
Nbd7 9. Bd2 Kh8 10. Rac1 Ne4 11. Rfd1 Rf6 12. Be1 Rh6 13. g3 g5 14. Nxe4 fxe4
15. Nd2 Qe8 16. Nf1 Rf6 17. Nd2 Qf7 18. Kg2 h5 19. f3 exf3+ 20. Nxf3 g4 21. Nh4
Nf8 22. Bd3 e5 23. cxd5 cxd5 24. e4 Be6 25. Qc2 Rc8 26. Qe2 Rxc1 27. Rxc1 dxe4
28. Bxe4 exd4 29. Qd3 Bd5 30. Qxd4 Bxe4+ 31. Qxe4 Qe6 32. Qc4 Qxc4 33. Rxc4 Ng6
34. Bc3 Ne5 35. Re4 Re6 36. Nf5 Bc7 37. Nd4 Re7 38. Nb5 Bb8 39. Nxa7 Bxa7 40.
Rxe5 Rxe5 41. Bxe5+ Kh7 42. h3 Kg6 43. hxg4 hxg4 44. Kf1 Kf5 45. Bh8 Ke4 46.
Ke2 Bb8 47. Kf2 Ba7+ 48. Kg2 Bb8 49. Bf6 b5 50. Kf2 Bd6 51. a3 Bc7 52. Bc3 Bd6
53. Bf6 Bc7 54. Bg7 Bd6 55. Bc3 Bc7 56. Bd2 Be5 57. b3 Bd6 58. a4 bxa4 59. bxa4
Bxg3+ 1/2-1/2

[Event "SC Gronau 2 - Schach Nienberge 2"]
[Site "Verbandsklasse 2018/2019"]
[Date "2019.05.18"]
[Round "9.7"]
[White "Scharlow, Siegmar"]
[Black "Sprenger, Franz"]
[Result "1/2-1/2"]
[WhiteElo "1689"]
[BlackElo "1666"]
[PlyCount "84"]
[EventDate "2019.??.??"]
[SourceDate "2019.06.08"]

1. d4 d5 2. c4 e6 3. Nc3 Bb4 4. Nf3 dxc4 5. Bg5 Ne7 6. e4 b5 7. Be2 f6 8. Be3
Bb7 9. Qc2 a6 10. O-O O-O 11. Rad1 f5 12. Ng5 Qc8 13. exf5 exf5 14. Bf3 h6 15.
Bxb7 Qxb7 16. Ne6 Rf6 17. Nf4 Bxc3 18. bxc3 Nd5 19. Rfe1 Nd7 20. Nxd5 Qxd5 21.
Bf4 c6 22. Re7 Re6 23. Re1 Rxe1+ 24. Rxe1 Rf8 25. Qc1 Qf7 26. h3 Nf6 27. Qa3
Nd5 28. Bd2 Qb7 29. Qc5 Rd8 30. Re6 Rc8 31. Qd6 Qc7 32. Qc5 Qb6 33. Qd6 Qc7 34.
Qc5 a5 35. a3 Qb7 36. Qd6 b4 37. axb4 axb4 38. Bxh6 b3 39. Bc1 b2 40. Bxb2 Qxb2
41. Qd7 Qc1+ 42. Kh2 Qf4+ 1/2-1/2

[Event "SC Gronau 2 - Schach Nienberge 2"]
[Site "Verbandsklasse 2018/2019"]
[Date "2019.05.18"]
[Round "9.8"]
[White "Schlueter, Gerhard"]
[Black "Homann, Ludger"]
[Result "1-0"]
[WhiteElo "1658"]
[BlackElo "1475"]
[PlyCount "117"]
[EventDate "2019.??.??"]
[SourceDate "2019.06.08"]

1. e4 d6 2. d4 Nf6 3. Nc3 g6 4. Nf3 Bg7 5. Bd3 Bg4 6. h3 Bxf3 7. Qxf3 O-O 8. e5
dxe5 9. dxe5 Ne8 10. Qxb7 Nd7 11. f4 Nc5 12. Qf3 Nxd3+ 13. Qxd3 Qxd3 14. cxd3
c6 15. Be3 Nc7 16. O-O e6 17. Bc5 Rfd8 18. Rad1 Bf8 19. Bxf8 Kxf8 20. d4 Rab8
21. Rf2 Kg7 22. Rc2 Nd5 23. Nxd5 cxd5 24. b3 Rb7 25. Kf2 Rdb8 26. Rc5 Kf8 27.
Rdc1 Kg7 28. Ke3 h6 29. Rc8 Rxc8 30. Rxc8 Kh7 31. Kd3 Kg7 32. Kc3 g5 33. g3
gxf4 34. gxf4 Kg6 35. Kd3 f6 36. Rf8 fxe5 37. fxe5 Re7 38. b4 Kg5 39. a4 h5 40.
b5 Kh4 41. Rh8 Rg7 42. Rh6 Rg3+ 43. Kc2 Ra3 44. Rxe6 Rxa4 45. Kc3 Rc4+ 46. Kd3
Rb4 47. Rd6 Rxb5 48. e6 Rb8 49. Rxd5 Re8 50. Re5 Kxh3 51. Rxh5+ Kg4 52. Re5 Kf4
53. Re1 a5 54. d5 Kf5 55. Kd4 Kf6 56. Rf1+ Ke7 57. Ke5 Rh8 58. Rf7+ Ke8 59. Ra7
1-0

[Event "SC Hiltrup 1 - SF Beelen 2"]
[Site "Verbandsklasse 2018/2019"]
[Date "2019.05.18"]
[Round "9.1"]
[White "Fuisting, Dominik"]
[Black "Junk, Phillip"]
[Result "1/2-1/2"]
[WhiteElo "1820"]
[BlackElo "1987"]
[PlyCount "54"]
[EventDate "2019.??.??"]
[SourceDate "2019.06.08"]

1. d4 d5 2. e3 Nf6 3. Bd3 g6 4. c3 Nbd7 5. f4 Bg7 6. Nf3 Ne4 7. Nbd2 Ndf6 8.
O-O Bf5 9. Qc2 Nxd2 10. Nxd2 Bxd3 11. Qxd3 c6 12. e4 dxe4 13. Nxe4 Qd5 14. Nc5
O-O-O 15. Qf3 e6 16. Nd3 Rhf8 17. b3 Qa5 18. b4 Qc7 19. Be3 Nd5 20. Rfc1 Rd6
21. a4 Rfd8 22. Bf2 Nb6 23. b5 Nc4 24. Ne5 Bxe5 25. fxe5 R6d7 26. Qe2 Na5 27.
Rab1 b6 1/2-1/2

[Event "SC Hiltrup 1 - SF Beelen 2"]
[Site "Verbandsklasse 2018/2019"]
[Date "2019.05.18"]
[Round "9.2"]
[White "Voigt, Stefan"]
[Black "Waeltermann, Thomas"]
[Result "1-0"]
[WhiteElo "1745"]
[BlackElo "1747"]
[PlyCount "57"]
[EventDate "2019.??.??"]
[SourceDate "2019.06.08"]

1. e4 c5 2. Nc3 d6 3. g3 Nc6 4. Bg2 g6 5. d3 Bg7 6. Be3 e6 7. Qd2 Nge7 8. Bh6
O-O 9. h4 f5 10. Bxg7 Kxg7 11. h5 Rh8 12. Nf3 e5 13. O-O-O Be6 14. hxg6 hxg6
15. Rxh8 Qxh8 16. Rh1 Qg8 17. Qh6+ Kf7 18. Nb5 Rd8 19. Ng5+ Kf6 20. Qh4 Kg7 21.
Qh6+ Kf6 22. b3 a6 23. Nc7 Bd7 24. Nd5+ Nxd5 25. exd5 Ne7 26. Qh4 Nxd5 27. Bxd5
Qxd5 28. Nh7+ Kg7 29. Qf6+ 1-0

[Event "SC Hiltrup 1 - SF Beelen 2"]
[Site "Verbandsklasse 2018/2019"]
[Date "2019.05.18"]
[Round "9.3"]
[White "Hanewinkel, Christian"]
[Black "Junk, Andreas"]
[Result "1-0"]
[WhiteElo "1793"]
[BlackElo "1748"]
[PlyCount "69"]
[EventDate "2019.??.??"]
[SourceDate "2019.06.08"]

1. d4 c5 2. d5 Nf6 3. c4 Ne4 4. Nc3 Nxc3 5. bxc3 d6 6. e4 g6 7. Bd3 Nd7 8. f4
Bg7 9. Ne2 Qa5 10. Bd2 Nb6 11. O-O Bg4 12. Qc2 Qa4 13. Qb3 O-O 14. Ng3 Bd7 15.
Rae1 Qa6 16. a3 Ba4 17. Qa2 Qa5 18. e5 Bd7 19. Rf3 Bg4 20. Rfe3 Bh6 21. Re4 Na4
22. Qc2 Bd7 23. exd6 exd6 24. Re7 Nb6 25. f5 Ba4 26. Qb1 Bg7 27. fxg6 Bxc3 28.
gxf7+ Kh8 29. Bxc3+ Qxc3 30. Qa1 Qxa1 31. Rxa1 Nd7 32. Rf1 Ne5 33. Be2 Rab8 34.
Ne4 Bd7 35. Nxd6 1-0

[Event "SC Hiltrup 1 - SF Beelen 2"]
[Site "Verbandsklasse 2018/2019"]
[Date "2019.05.18"]
[Round "9.4"]
[White "Haves, Daniel"]
[Black "Beckmann, Frank"]
[Result "0-1"]
[WhiteElo "1618"]
[BlackElo "1734"]
[PlyCount "86"]
[EventDate "2019.??.??"]
[SourceDate "2019.06.08"]

1. f4 e6 2. Nf3 d5 3. e3 c5 4. d3 Nf6 5. Be2 Nc6 6. O-O Be7 7. Nc3 O-O 8. e4
dxe4 9. dxe4 Qxd1 10. Rxd1 Nb4 11. Ne1 Rd8 12. Be3 Bd7 13. a3 Nc6 14. e5 Ne8
15. Ne4 b6 16. c3 Nc7 17. Nc2 Be8 18. Bf3 Rxd1+ 19. Rxd1 Rd8 20. Nd6 Bxd6 21.
exd6 Nb5 22. d7 Rxd7 23. Rxd7 Bxd7 24. Kf2 Nd6 25. Bc1 Ne7 26. Ne3 Bc6 27. Bxc6
Nxc6 28. Kf3 b5 29. Nd1 Kf8 30. Be3 c4 31. Bc5 Ke7 32. Ne3 Kd7 33. Ng4 a6 34.
Ne5+ Nxe5+ 35. fxe5 Ne8 36. g4 Kc6 37. Bd4 Kd5 38. g5 g6 39. Kf4 Ng7 40. h3 Nf5
41. Bf2 Ne7 42. Bd4 Nc6 43. Ke3 Nxe5 0-1

[Event "SC Hiltrup 1 - SF Beelen 2"]
[Site "Verbandsklasse 2018/2019"]
[Date "2019.05.18"]
[Round "9.5"]
[White "Hofene, Markus"]
[Black "Buchholz, Christian"]
[Result "1/2-1/2"]
[WhiteElo "1670"]
[BlackElo "1612"]
[PlyCount "54"]
[EventDate "2019.??.??"]
[SourceDate "2019.06.08"]

1. e4 c5 2. b3 d6 3. Bb5+ Bd7 4. Bxd7+ Qxd7 5. Nf3 e5 6. O-O Nc6 7. d3 Nge7 8.
Nc3 f5 9. Nh4 Nd4 10. exf5 Nexf5 11. Nxf5 Nxf5 12. f4 O-O-O 13. a4 Be7 14. a5
Rhf8 15. Nd5 Kb8 16. c3 g6 17. Qe2 Bf6 18. Nxf6 Rxf6 19. fxe5 Re6 20. a6 Rxe5
21. Qf3 Rde8 22. Bf4 Re2 23. Rf2 Re1+ 24. Rf1 Rxf1+ 25. Rxf1 bxa6 26. g4 Ng7
27. Qg3 Re6 1/2-1/2

[Event "SC Hiltrup 1 - SF Beelen 2"]
[Site "Verbandsklasse 2018/2019"]
[Date "2019.05.18"]
[Round "9.6"]
[White "Jeromin, Rudolf Gustav"]
[Black "Gaebler, Marcel"]
[Result "1-0"]
[WhiteElo "1672"]
[BlackElo "1589"]
[PlyCount "105"]
[EventDate "2019.??.??"]
[SourceDate "2019.06.08"]

1. e4 c5 2. Nf3 Nc6 3. Nc3 e6 4. Be2 d5 5. exd5 exd5 6. d4 Nf6 7. Be3 c4 8. O-O
Bb4 9. a3 Bxc3 10. bxc3 Ne4 11. Qe1 Qa5 12. Ng5 Bf5 13. Nxe4 Bxe4 14. Bd2 O-O
15. Qd1 Rfe8 16. Re1 Qa4 17. Ra2 Bf5 18. g4 Be6 19. Bf3 Re7 20. Bg5 Rd7 21. Re3
Re8 22. Qe2 Qb5 23. Qe1 Nd8 24. Qc1 Qc6 25. Ra1 Qd6 26. Re2 f6 27. Bf4 Qf8 28.
Qb2 g5 29. Be3 Qh6 30. Kg2 Qh4 31. h3 h5 32. Rh1 Rh7 33. Qc1 hxg4 34. hxg4
Qxh1+ 35. Qxh1 Rxh1 36. Kxh1 Kf7 37. Re1 Rh8+ 38. Kg2 Rh4 39. Kg3 b5 40. Bd1
Kg6 41. f4 Bd7 42. fxg5 Rh8 43. gxf6 Kxf6 44. Bf4 Kf7 45. Bf3 Be6 46. Re5 Nc6
47. Rg5 a5 48. Bxd5 Bxd5 49. Rxd5 b4 50. Rf5+ Kg6 51. axb4 axb4 52. Rc5 Ne7 53.
cxb4 1-0

[Event "SC Hiltrup 1 - SF Beelen 2"]
[Site "Verbandsklasse 2018/2019"]
[Date "2019.05.18"]
[Round "9.7"]
[White "Krieft, Manfred"]
[Black "May, Peter"]
[Result "1-0"]
[WhiteElo "1524"]
[BlackElo "1558"]
[PlyCount "43"]
[EventDate "2019.??.??"]
[SourceDate "2019.06.08"]

1. d4 Nf6 2. Nf3 d5 3. g3 Bf5 4. Bg2 e6 5. O-O Bd6 6. c4 c6 7. Nbd2 Nbd7 8. Re1
O-O 9. Qb3 b6 10. cxd5 cxd5 11. Nh4 Bg6 12. Nxg6 fxg6 13. e4 Ng4 14. exd5 Qf6
15. Ne4 Qxd4 16. Be3 Nxe3 17. fxe3 Qb4 18. dxe6 Ne5 19. e7+ Rf7 20. Nxd6 Qxd6
21. Bxa8 Qxe7 22. Rf1 1-0

[Event "SC Hiltrup 1 - SF Beelen 2"]
[Site "Verbandsklasse 2018/2019"]
[Date "2019.05.18"]
[Round "9.8"]
[White "Vera, Antonio"]
[Black "Vielmeier, Leon"]
[Result "1-0"]
[WhiteElo "1778"]
[BlackElo "1111"]
[PlyCount "107"]
[EventDate "2019.??.??"]
[SourceDate "2019.06.08"]

1. d4 c6 2. Nf3 d5 3. c4 Bf5 4. Nc3 e6 5. e3 Nf6 6. a3 Bg4 7. Be2 Bd6 8. c5 Bc7
9. O-O O-O 10. b4 Nbd7 11. b5 Ba5 12. Bd2 a6 13. bxc6 bxc6 14. h3 Bh5 15. Na4
Bc7 16. Nh2 Bxe2 17. Qxe2 e5 18. Ng4 Re8 19. Nxf6+ Nxf6 20. dxe5 Bxe5 21. Rab1
Ne4 22. Rfc1 Nxd2 23. Qxd2 Rb8 24. Nb6 Bc7 25. Qa5 Bxb6 26. cxb6 Qc8 27. Qc5
Re6 28. a4 h6 29. a5 Rb7 30. Qxd5 Qe8 31. Qc4 Qa8 32. Rb2 Rb8 33. Qc5 Qb7 34.
Rd2 Rc8 35. Rcd1 Rce8 36. Rd7 Qb8 37. Qc4 R6e7 38. Rxe7 Rxe7 39. Qxc6 Re5 40.
Qc7 Qxc7 41. bxc7 Rc5 42. Rd8+ Kh7 43. c8=Q Rxc8 44. Rxc8 Kg6 45. Rc6+ Kf5 46.
Rxa6 Ke5 47. Ra7 Kd6 48. Rxf7 Kc6 49. a6 Kb6 50. a7 h5 51. a8=Q h4 52. Qc8 g6
53. Rb7+ Ka6 54. Qa8# 1-0